| 000 | 00336nam a22001217a 4500 | ||
|---|---|---|---|
| 008 | 131203b xxu||||| |||| 00| 0 eng d | ||
| 050 | _aPS3563.A4N4 1967 | ||
| 100 |
_aMalamud, Bernard _94896 |
||
| 245 |
_aThe natural _c Bernard Malamud |
||
| 260 |
_aEngland _bPenguin Books _c1967 |
||
| 300 |
_a222p. ; _c19cm. |
||
| 942 |
_2lcc _cMONOGRAPH |
||
| 999 |
_c119009 _d119009 |
||